000
00302nam a22001217a 4500
008
160422b xxu||||| |||| 00| 0 eng d
020
_a
9780815187745
020
_a
0815187742
041
_a
eng
080
_a
618.2
245
_a
Health assessment of nursing practice;
_c
Susan F. Wilson;
942
_2
udc
_c
BK
999
_c
1504
_d
1504